000
00231nam a2200097Ia 4500
005
20251222114352.0
008
251222s1900||||xx |||||||||||||| ||spa||
082
_a
DVD0099/L87/2001
245
0
_a
Extranjeros de sí mismos:
942
_c
DVD
999
_c
1297
_d
1297